| 000 -LEADER |
| fixed length control field |
00698nam a2200217Ii 4500 |
| 020 ## - INTERNATIONAL STANDARD BOOK NUMBER |
| ISBN |
9789251087138 |
| 020 ## - INTERNATIONAL STANDARD BOOK NUMBER |
| ISBN |
925108713X |
| 040 ## - CATALOGING SOURCE |
| Transcribing agency |
DJB |
| 082 ## - DEWEY DECIMAL CLASSIFICATION NUMBER |
| Classification number |
807 FOO 2014 A096 Or. |
| 245 00 - TITLE STATEMENT |
| Title |
PAAT Programme Against African Trypanosomiasis. |
| 246 3# - VARYING FORM OF TITLE |
| Title proper/short title |
Programme Against African Trypanosomiasis |
| 246 30 - VARYING FORM OF TITLE |
| Title proper/short title |
Tsetse and trypanosomosis information |
| 300 ## - PHYSICAL DESCRIPTION |
| Number of Pages |
vi, 123 pages : |
| Other physical details |
illustrations ; |
| Dimensions |
22 cm |
| 650 #0 - SUBJECT ADDED ENTRY--TOPICAL TERM |
| Topical Term |
Trypanosomiasis in animals |
| 650 #0 - SUBJECT ADDED ENTRY--TOPICAL TERM |
| Topical Term |
Tsetse-flies |
| 650 #0 - SUBJECT ADDED ENTRY--TOPICAL TERM |
| Topical Term |
Veterinary protozoology |
| 700 1# - ADDED ENTRY--PERSONAL NAME |
| Personal name |
Dargie, James D., |
| 710 2# - ADDED ENTRY--CORPORATE NAME |
| Corporate name or jurisdiction name as entry element |
Programme Against African Trypanosomosis. |
| 710 2# - ADDED ENTRY--CORPORATE NAME |
| Corporate name or jurisdiction name as entry element |
Food and Agriculture Organization of the United Nations. |
| 942 ## - ADDED ENTRY ELEMENTS (KOHA) |
| Koha item type |
សៀវភៅភាសាអង់គ្លេស |
| 952 ## - LOCATION AND ITEM INFORMATION (KOHA) |
| Withdrawn status [LOCAL, KOHA] |
0 |